Statistiques concernant Plus Grandes Gares d’Europe

Cliquez ici pour prendre le quiz!

Statistiques générales

  • Ce quiz a été pris 31 fois
  • Le résultat moyen est 2 sur 5

Statistiques - réponses

VilleNombre de voies/quaisGares% Correct
Paris32Gare du Nord
100%
Paris29Gare de L’Est
65%
Rome32Rome Termini
13%
Frankfort29Frankfurt Haupbahnhof
0%
Munich32Munich Haupbahnhof
0%

Distribution des résultats

Percentile par nombre de réponses

% des personnes avec chaque résultat

Votre développement - résultats

Vous n’avez pas pris ce quiz